Metódy diagnostiky diabetickej retinopatie na obrazoch sietnice

Gespeichert in:
Bibliographische Detailangaben
1. Verfasser: Mácsik, Péter (Verfasst von)
Weitere Verfasser: Pavlovičová, Jarmila (Betreuung Doktorarbeit)
Format: Manuskript Buch
Sprache:Slowakisch
Veröffentlicht: Bratislava : STU v Bratislave FEI, 2023
Schlagworte:
Online-Zugang:https://opac.crzp.sk/?fn=detailBiblioFormChildO82E3&sid=1105D38F4A7A0932BEE0D7DD8B9E&seo=CRZP-detail-kniha
Tags: Tag hinzufügen
Keine Tags, Fügen Sie das erste Tag hinzu!

MARC

LEADER 00000ntm a22000003a 4500
001 stuzp81984
003 SK-STU
005 20240227132759.2
007 ta
008 150427s2015----xo-----f-mn---000-0-slo-d
040 |a STU  |b slo 
041 0 |a slo 
044 |a xo 
100 1 |a Mácsik, Péter  |u 031000  |k Z8  |4 aut  |U FEI Fakulta elektrotechniky a informatiky  |T FEI Ústav robotiky a kybernetiky  |X 80013  |U E011  |Y 356  |7 80013 
242 0 1 |a Methods of Diagnosis of Diabetic Retinopathy on Retinal Images  |y eng 
245 1 0 |a Metódy diagnostiky diabetickej retinopatie na obrazoch sietnice 
260 |a Bratislava :  |b STU v Bratislave FEI,  |c 2023 
300 |a 158 s.,  |b Autoref. 2023, 41 s. 
500 |a Len v elektronickej podobe 
650 4 |a diabetická retinopatia  |2 slo 
650 4 |a hlboké učenie  |2 slo 
650 4 |a binárna a viactriedna klasifikácia  |2 slo 
650 4 |a konvolučné neurónové siete  |2 slo 
650 4 |a fixné filtre  |2 slo 
650 4 |a lokálne binárne vzory  |2 slo 
650 4 |a prenos učenia  |2 slo 
650 4 |a skupinové učenie  |2 slo 
650 4 |a convolutional neural network  |2 eng 
650 4 |a fixed filters  |2 eng 
650 4 |a diabetic retinopathy  |2 eng 
650 4 |a deep learning  |2 eng 
650 4 |a binary and multiclass classification  |2 eng 
650 4 |a local binary patterns  |2 eng 
650 4 |a transfer learning  |2 eng 
650 4 |a ensemble learning  |2 eng 
700 1 |a Pavlovičová, Jarmila  |u 031000  |k Z1  |4 ths  |U FEI Fakulta elektrotechniky a informatiky  |T FEI Ústav robotiky a kybernetiky  |X 1872  |U E011  |Y 356  |7 A000001872 
856 4 |u https://opac.crzp.sk/?fn=detailBiblioFormChildO82E3&sid=1105D38F4A7A0932BEE0D7DD8B9E&seo=CRZP-detail-kniha